Statistiques concernant Villes de la Papouasie-Nouvelle-Guinée

Cliquez ici pour prendre le quiz!

Statistiques générales

  • Ce quiz a été pris 8 fois
  • Le résultat moyen est 3 sur 15

Statistiques - réponses

Population Ville % Correct
322.246Port Moresby
100%
103.420Lae
50%
49.097Popondetta
33%
56.018Mendi
33%
27.191Bulolo
17%
20.042Daru
17%
21.411Goroka
17%
29.339Madang
17%
46.230Mount Hagen
0%
18.738Kiunga
0%
20.665Kavieng
0%
39.014Kokopo
0%
38.134Arawa
0%
22.652Wewak
0%
27.191Kimbe
0%

Distribution des résultats

Percentile by Number Answered

% des personnes avec chaque résultat

Votre développement - résultats

Vous n’avez pas pris ce quiz